000 00525nam a2200181Ia 4500
005 20250326124438.0
008 250326s9999 xx 000 0 und d
037 _aTextbook
040 _aFMSL
_beng
_cFMSL
041 _aeng
_2eng
084 _aX:8p73 K4
_qFMSL
100 _aBonini C P
_9737406
245 0 _aManagement controls: new directions in basic research
_cBonini C P; Jaedicke R K
260 _aNY
_bNY, McGraw-Hill
_c1964
300 _a341p
942 _cTB
_hX:8p73 K4
999 _c1273726
_d1273726